000 03350cam a22012374i 4500
003 PE-LiUPU
005 20250813185545.0
008 150706s r 000 0 d
020 _a9701507665
035 _a(Sirsi) i9789701507667
040 _aPE-LiUPU
_bspa
_cPE-LiUPU
_erda
049 _aPRUA
082 0 4 _a394.1
_bA
_221
245 0 1 _aAlimentación y cultura :
_bnecesidades, gustos y costumbres /
_cContreras Jesús, comp.
264 1 _aMéxico :
_bAlfaomega Grupo Editores,
_c2002.
300 _a380 páginas :
_bilustraciones, tablas ;
_c23 centímetros
336 _atext
_2rdacontent
337 _aunmediated
_2rdamedia
338 _avolume
_2rdacarrier
505 0 _aUn estado de la cuestión -- Preferencias y aversiones alimentarias -- Los factores socioculturales de la alimentación -- Continuidades y transformaciones de los comportamientos alimentarios a través de la historia -- Una Síntesis.
526 _aP202
526 _aP201
526 _aP163
526 _aP162
526 _aP161
526 _aP160
526 _aP148
526 _aP147
526 _aP146
526 _aP145
526 _aP144
526 _aP143
526 _aP142
526 _aP141
526 _aP140
526 _aP139
526 _aP138
526 _aP137
526 _aP136
526 _aP135
526 _aP134
526 _aP133
526 _aP129
526 _aP128
526 _aP127
526 _aP120
526 _aP119
526 _aP118
526 _aP116
526 _aP115
526 _aP114
526 _aP110
526 _aP109
526 _aP108
526 _aP104
526 _aP103
526 _aP102
526 _aP99
526 _aP98
526 _aP97
526 _aP96
526 _aP95
526 _aP93
526 _aP90
526 _aP89
526 _aP88
526 _aP83
526 _aP82
526 _aP62
526 _aP59
526 _aP58
526 _aP57
526 _aP51
526 _aP49
526 _aP48
526 _aP47
526 _aP29
526 _aP24
526 _aP20
526 _aP19
526 _aP17
526 _aP15
526 _aP14
526 _aP12
526 _aP10
526 _aP09
526 _aP08
526 _aP07
526 _aP06
526 _aP05
526 _aP04
526 _aP01
541 _g015-0010422;
650 0 4 _aAlimentos
_vEnsayos, conferencias, etc.
650 0 4 _aHábitos alimentarios.
650 0 4 _aNutrición
_xAspectos sociales.
700 1 _aContreras, Jesús,
_ecomp.
710 2 _aUniversidad de Barcelona
910 _bng
_cng
_d20090602
942 _2ddc
_cBOOK
949 _a394.1 A
_wDEWEY
_c1
_i59748
_lCCODEBUL1
_mBUL
_p21.00
_r0
_sY
_tBOOK
_u2015-7-6
_xSALUD
_PP22
_0COMPRA
_o.STAFF. Colección General
994 _aC0
_bPEPRU
596 _a1 3
999 _a394.1 A
_wDEWEY
_c49283
_i59748
_f2021-11-5
_g5
_lCCODEBUL1
_mBUL
_p21.00
_r0
_sY
_tBOOK
_u2015-7-6
_xBIBLIOTECA
_PP22
_0COMPRA
_o.STAFF. Colección General
_d49283
999 _a394.1 C74
_wDEWEY
_c1
_iFJ05418
_d2017-3-15
_e2017-3-14
_f2022-1-18
_g3
_lCCODEBUJ1
_mBUJ
_n1
_p21.00
_r0
_sY
_tBOOK
_u2017-1-16
_xBIBLIOTECA
_zUNKNOWN
_0COMPRA
_o.STAFF. Colección General Juliaca
980 _81
_gALBERTO SANCHEZ Responsable de Automatización